Monnaies du monde entier (Aléatoire 25 pays) - Statistiques

Statistiques générales
  • Ce quiz a été pris 52 fois
  • Le résultat moyen est 15 sur 25
Statistiques - réponses
Pays Monnaie Valeur pour 1 euro au 01/07/2025 % Correct
Madagascar ariary 5150
100%
Thaïlande baht 37,78
100%
Ghana cédi 11,87
100%
Groenland couronne danoise 7,46
100%
Danemark couronne danoise 7,46
100%
Îles Féroé couronne féroïenne (=danoise) 7,46
100%
Islande couronne islandaise 142,60
100%
Suède couronne suédoise 11,14
100%
Algérie dinar algérien 150,26
100%
Bahreïn dinar bahreïni 0,43
100%
Maroc dirham marocain 10,52
100%
Îles Vierges des États-Unis dollar américain 1,15
100%
Porto Rico dollar américain 1,15
100%
Équateur dollar américain 1,15
100%
Samoa Américaines dollar américain 1,15
100%
Îles Marshall dollar américain 1,15
100%
Nauru dollar australien 1,78
100%
Bermudes (UK) dollar bermudien 1,15
100%
Anguilla dollar des Caraïbes orientales 3,11
100%
Antigua-et-Barbuda dollar des Caraïbes orientales 3,11
100%
Montserrat (UK) dollar des Caraïbes orientales 3,11
100%
Sainte-Lucie dollar des Caraïbes orientales 3,11
100%
Dominique dollar des Caraïbes orientales 3,11
100%
Saint-Christophe-et-Niévès dollar des Caraïbes orientales 3,11
100%
Singapour dollar de Singapour 1,48
100%
Jamaïque dollar jamaïcain 183,71
100%
Îles Cook dollar néo-zélandais 1,93
100%
Tokelau (NZ) dollar néo-zélandais 1,93
100%
Vietnam dong 30 111,00
100%
La Réunion + Mayotte + TAAF (dont Kerguelen) euro 1,00
100%
Pays-Bas euro 1,00
100%
Belgique euro 1,00
100%
France euro 1,00
100%
Espagne euro 1,00
100%
Portugal euro 1,00
100%
Irlande euro 1,00
100%
Chypre euro 1,00
100%
Lituanie euro 1,00
100%
Lettonie euro 1,00
100%
Estonie euro 1,00
100%
Monaco euro 1,00
100%
Saint-Marin euro 1,00
100%
Croatie euro 1,00
100%
Italie euro 1,00
100%
Autriche euro 1,00
100%
Allemagne (de l'Ouest anciennement) euro 1,00
100%
Saint-Pierre-et-Miquelon euro 1,00
100%
Guyane française euro 1,00
100%
Hongrie forint 402,97
100%
République Centrafricaine Franc CFA CEMAC 655,96
100%
République du Congo Franc CFA CEMAC 655,96
100%
Sénégal Franc CFA UEMOA 655,96
100%
Côte d'Ivoire Franc CFA UEMOA 655,96
100%
Niger Franc CFA UEMOA 655,96
100%
Togo Franc CFA UEMOA 655,96
100%
Polynésie française franc pacifique 119,26
100%
Suisse franc suisse 0,94
100%
Haïti gourde haïtienne 151,25
100%
Paraguay guarani 9 198,00
100%
Moldavie + Transnistrie leu moldave 19,82
100%
Bulgarie lev bulgare 1,96
100%
Jersey + Guernesey livre de Guernesey / de Jersey 0,86
100%
Soudan livre soudanaise 690,47
100%
Royaume-Uni livre sterling 0,86
100%
Chili peso chilien 1083,59
100%
Brésil réal brésilien 6,34
100%
Inde roupie indienne 99,77
100%
Indonésie roupie indonésienne 18 903,00
100%
Seychelles roupie seychelloise 16,98
100%
Tadjikistan somoni (tadjik) 11,38
100%
Japon yen 168,21
100%
Chine yuan 8,25
100%
Pologne złoty 4,27
100%
Russie (et actuellement Kazakhstan) rouble russe 90,30
83%
Nouvelle-Zélande + Îles Pitcairn (UK) dollar néo-zélandais 1,93
80%
Grèce euro 1,00
80%
Mali Franc CFA UEMOA 655,96
80%
Îles Vierges Britanniques dollar américain 1,15
75%
États fédérés de Micronésie dollar américain 1,15
75%
Bélize dollar bélizien 2,31
75%
Saint-Vincent-et-les-Grenadines dollar des Caraïbes orientales 3,11
75%
Tuvalu dollar des Tuvalu 1,78
75%
Kosovo euro 1,00
75%
République Démocratique du Congo Franc congolais 3 350,60
75%
Ukraine hryvnia 48,30
75%
Taïwan nouveau dollar de Taïwan 34,00
75%
Argentine peso argentin 1341,98
75%
Mexique peso mexicain 22,11
75%
Pakistan roupie pakistanaise 327,00
75%
Tchéquie couronne tchèque 24,81
67%
Tunisie dinar tunisien 3,41
67%
États-Unis dollar américain 1,15
67%
Îles Turques-et-Caïques dollar américain 1,15
67%
Samoa Américaines dollar américain 1,15
67%
Bahamas dollar bahaméen 1,15
67%
Guyana dollar guyanien 241,10
67%
Cap-Vert escudo cap-verdien 110,26
67%
Vatican euro 1,00
67%
Saint-Martin (Sint-Maarten) florin des A-N>florin caribéen 2,08
67%
Géorgie lari 3,12
67%
Égypte livre égyptienne 58,34
67%
Mozambique metical 73,50
67%
Tanzanie shilling tanzanien 3059,70
67%
Corée du Nord won nord-coréen 1034,00
67%
Afghanistan afghani 81,76
50%
Bolivie boliviano 7,96
50%
Costa Rica colón costaricien 581,80
50%
Norvège couronne norvégienne 11,62
50%
Gambie dalasi 82,21
50%
Macédoine du Nord denar macédonien 61,53
50%
Jordanie dinar jordanien 0,82
50%
Koweït dinar koweïtien 0,35
50%
Serbie dinar serbe 117,23
50%
Émirats Arabes Unis dirham émirati 4,23
50%
Îles Mariannes du Nord dollar américain 1,15
50%
Guam dollar américain 1,15
50%
Timor Oriental dollar américain 1,15
50%
Territoires extérieurs australiens + Territoire antarctique australien dollar australien 1,78
50%
Kiribati dollar australien 1,78
50%
Hong-Kong dollar de Hong Kong 9,03
50%
Trinité-et-Tobago dollar de Trinité-et-Tobago 7,83
50%
Suriname dollar du Suriname 44,66
50%
Aruba florin arubais 2,07
50%
Guinée Équatoriale Franc CFA CEMAC 655,96
50%
Gabon Franc CFA CEMAC 655,96
50%
Burkina Faso Franc CFA UEMOA 655,96
50%
Guinée-Bissau Franc CFA UEMOA 655,96
50%
Comores franc comorien 491,66
50%
Guinée franc guinéen 9 985,00
50%
Nouvelle Calédonie franc pacifique 119,26
50%
Rwanda franc rwandais 1 664,10
50%
Papouasie-Nouvelle-Guinée kina 4,82
50%
Laos kip laotien 24 863
50%
Soudan du Sud livre sud-soudanaise 690,47
50%
Lesotho loti 20,81
50%
Tonga pa'anga 2,76
50%
Macao pataca 9,32
50%
Cuba peso cubain 27,66
50%
Philippines peso philippin 65,92
50%
Botswana pula 15,53
50%
Iran rial iranien 48 368,39
50%
Arabie Saoudite riyal saoudien 4,32
50%
Yémen riyal yéménite 279,07
50%
Biélorussie rouble biélorusse 3,77
50%
Maurice roupie mauricienne 52,53
50%
Palestine shekel/livre égyptienne/dinar jordanien (4,01 pour le Shekel)
50%
Kenya shilling kenyan 148,95
50%
Ouganda Shilling ougandais 4154,00
50%
Kirghizistan som (kirghize) 100,46
50%
Bangladesh taka 140,94
50%
Samoa tala 3,13
50%
Mongolie tugrik 4135,65
50%
Fidji dollar de Fidji 2,60
33%
Namibie dollar namibien 20,81
33%
Arménie dram 444,80
33%
Slovénie euro 1,00
33%
Guadeloupe + Saint-Barthélémy + Saint-Martin euro 1,00
33%
Burundi franc burundais 3431,90
33%
Malawi kwacha malawien 1 998,30
33%
Birmanie kyat 2412,69
33%
Albanie lek albanais 97,92
33%
Ascension livre de Sainte-Hélène 0,86
33%
Syrie livre syrienne 14 933,26
33%
République Dominicaine peso dominicain 68,34
33%
Guatemala quetzal 8,86
33%
Cambodge riel cambodgien 4 619
33%
Sri Lanka roupie sri-lankaise 346,30
33%
Maldives rufiyaa 17,71
33%
Somalie shilling somalien 658,60
33%
Pérou sol péruvien 4,14
33%
Corée du Sud won sud-coréen 1581,03
33%
El Salvador colon salvadorien 10,08
25%
Nicaragua córdoba oro (d'or) 42,41
25%
Israël shekel 4,01
25%
Ouzbékistan sum (ouzbek) 14 473
25%
Sao Tomé et Principe dobra de São Tomé 24,63
20%
Panama balboa 1,15
0%
Éthiopie birr 158,47
0%
Vénézuéla bolivar souverain 117,21
0%
Irak dinar irakien 1509,70
0%
Libye dinar libyen 6,28
0%
Territoire Britannique de l'Océan Indien dollar américain 1,15
0%
Palaos dollar américain 1,15
0%
Australie + Île Christmas + Îles Cocos/Keeling dollar australien 1,78
0%
Barbade dollar barbadien 2,33
0%
Canada dollar canadien 1,58
0%
Brunei dollar de Brunei 1,48
0%
Grenade dollar des Caraïbes orientales 3,11
0%
Îles Caïmans dollar des Îles Caïmans 0,96
0%
Îles Salomon dollar des Salomon 9,61
0%
Libéria dollar libérien 230,48
0%
Niue (NZ) dollar néo-zélandais 1,93
0%
Luxembourg euro 1,00
0%
Malte euro 1,00
0%
Finlande euro 1,00
0%
Andorre euro 1,00
0%
Monténégro euro 1,00
0%
Slovaquie euro 1,00
0%
Martinique euro 1,00
0%
Curaçao et Pays-Bas Caribéens florin des Antilles Néerlandaises
deviendra le florin caribéen (valeur égale)
2,08
0%
Tchad Franc CFA CEMAC 655,96
0%
Cameroun Franc CFA CEMAC 655,96
0%
Bénin Franc CFA UEMOA 655,96
0%
Djibouti franc Djibouti 205,22
0%
Wallis-et-Futuna franc pacifique 119,26
0%
Zambie kwacha de Zambie 26,65
0%
Angola Kwanza 1053,26
0%
Honduras lempira 30,10
0%
Sierra Leone leone 26 175,37
0%
Roumanie leu roumain 5,03
0%
Swaziland lilangeni 20,80
0%
Gibraltar livre de Gibraltar 0,86
0%
Sainte-Hélène + Tristan da Cunha livre de Sainte-Hélène 0,86
0%
Liban livre libanaise 103 256,20
0%
Turquie livre turque 45,69
0%
Chypre du Nord livre turque 45,69
0%
Azerbaïdjan manat azerbaïdjanais 1,96
0%
Turkménistan manat turkmène 4,01
0%
Bosnie-Herzégovine mark convertible de Bosnie-Herzégovine 1,96
0%
Nigéria naira 1787,10
0%
Érythrée nakfa 17,23
0%
Bhoutan ngultrum 99,77
0%
Zimbabwe or du zimbabwe 31,00
0%
Mauritanie ouguiya 45,55
0%
Colombie peso colombien 4706,30
0%
Uruguay peso uruguayen 47,12
0%
Afrique du Sud rand sud-africain 20,77
0%
Malaisie ringgit 4,90
0%
Oman riyal omanais 0,44
0%
Qatar riyal qatarien 4,20
0%
Népal roupie népalaise 159,63
0%
Kazakhstan tenge 602,21
0%
Vanuatu vatu 137,90
0%
Aucun quiz correspondant
Distribution des résultats
% des personnes avec chaque résultat
Percentile par nombre de réponses
Votre historique - résultats
Vous n’avez pas pris ce quiz